000 04054cam a22004814i 4500
003 PE-LiUPU
005 20250731165419.0
008 151217s2012 pe a grm 000 0 spa d
035 _a(Sirsi) a155549
040 _aPE-LiUPU
_bspa
_cPE-LiUPU
_erda
082 0 4 _a152.4
_bA78 T3
082 0 4 _a152.4086732
_bA78
099 _aTA 3
_bA78 2012
100 1 _aArteta Sandoval, Pamela
_eautor
245 1 _aRelación entre inteligencia emocional y el desempeño laboral del personal de la Misión Peruana del Sur de la IASD, Agosto - diciembre 2011 /
_cPamela Arteta Sandoval.
264 0 _c2012
300 _a119 hojas :
_bilustraciones;
_c30 cm
336 _atext
_2rdacontent
337 _aunmediated
_2rdamedia
338 _avolume
_2rdacarrier
502 _aTesis
_b(Mg.) --
_cUniversidad Peruana Unión,
_d2012.
504 _aIncluye referencias
520 3 _aLa presente investigación tiene por objetivo determinar cómo influye la inteligencia emocional en el desempeño laboral del personal de la Misión Peruana del Sur de la IASD, agosto- diciembre 2011. El tipo de estudio es descriptivo-explicativo y transversal. La investigación es no experimental porque no se manipulan las variables de estudio, describe y explica tal cual están en el campo de estudio. Se utilizó el muestreo no probabilístico con una muestra de 48 personas que trabajan en la Misión Peruana del Sur, bajo la modalidad de personal contratado y misionero. Las unidades de análisis se identificaron de manera intencional, considerando el criterio de inclusión. Las unidades de análisis se identificaron de manera intencional, considerando el criterio de inclusión. La técnica de recolección de datos fue la entrevista y el instrumento utilizado, el cuestionario. Para la variable inteligencia emocional de utilizo el test Bar-On, porque es considerado por los psicólogos como una de las pruebas más puntuales para saber las competencias que poseen las personas. Para la variable desempeño laboral, se utilizó el cuestionario de evaluación, según el método de escalas graficas propuestas por Chiavenato. Los resultados muestran que el personal de la Misión Peruana del Sur tiene una inteligencia emocional promedio con puntaje de 92.32 evidenciado en las cocientes emocionales CERA (82.30), CEER (125.95), CEAD (79.31), CEMT (87.07) y CEAG (86.95). En cuanto al desempeño laboral, la administración de la MPS calificó a su personal de muy bueno (62.50%) y excelente (31.25%). Asimismo, se encontró que existe correlación positiva media entre el CERA de la inteligencia emocional y el desempeño laboral de r=.313 y una significancia de p=.030 correlación positiva media entre el CEER de la inteligencia emocional y el desempeño laboral de r=.327 y una significancia de p=.023 con una correlación negativa débil entre el CEAD de la inteligencia emocional y el desempeño laboral r= -.111 y una significancia de p=.454 correlación positiva media entre el CEMT de la inteligencia emocional y el desempeño laboral de r=.187 y una significancia de p=.202; correlación positiva media entre el CEAG de la inteligencia emocional y el desempeño laboral de r=.276 y una significancia de p=.05; finalmente se encontró una correlación positiva media entre la inteligencia emocional y el desempeño laboral de r=.313 y una significancia de p=.030 respectivamente lo que demuestra la relación entre dichas variables.
526 _aSEG44
526 _aSEG26
526 _aP151
526 _aP150
526 _aP149
526 _aP146
526 _aP145
526 _aP126
526 _aP125
526 _aP92
526 _aP75
526 _aP74
526 _aP27
526 _aP15
650 0 4 _aInteligencia emocional
_xTrabajo
_vTesis.
610 2 _aAdventistas del Séptimo Día
_xInteligencia emocional
_vTesis.
596 _a1
942 _2ddc
_cTESIS
999 _aTA 3 A78 2012
_wALPHANUM
_c8224
_iT01301
_lCCODEBUL3
_mBUL
_r1
_sY
_tTESIS
_u2015-12-17
_xPOSGRADO
_PP47
_o.STAFF. Tesis
_d8224
980 _81
_gALBERTO SANCHEZ Responsable de Automatización